Sawmilling trial of agroforestry and conventially-grown radiata pine

Bibliographic Details
Main Author: SIEMON
Corporate Author: Wood Utilisation Research Centre (W. A.)
Other Authors: Thomson, White
Format: Book
Published: (Harvey, W. A.) : Wood Utilisation Research Centre , 1989
Series:Wood Utilisation Research Centre; report n. 8
Subjects:

MARC

LEADER 00000cam a2200000 7i4500
001 0000002223
005 20030331.0
090 0 0 |a 338.17498   |b SIE1989 
100 1 0 |a SIEMON   |h G. R. 
245 1 0 |a Sawmilling trial of agroforestry and conventially-grown radiata pine   |c by G. R. Siemon, K. J. White and A. B. Thomson 
260 0 0 |a (Harvey, W. A.) :   |b Wood Utilisation Research Centre ,   |c 1989 
300 |a 16 p. ;   |c 30 cm. 
440 0 0 |a Wood Utilisation Research Centre; report n. 8 
500 0 0 |a Bibliography : p. 15 
650 0 0 |a Agroforestry 
650 0 0 |a Logging 
650 0 0 |a Pinus radiata 
700 0 1 |a Thomson   |h A. B. 
700 0 1 |a White   |h G. R. 
710 1 1 |a Wood Utilisation Research Centre (W. A.) 
998 |a JPSM 
999 |a 0000003574   |b Monograph   |c Open Shelf   |e Default branch